Sicilya'da Normanlar ve Müslümanlar / (Record no. 14817)

MARC details
000 -BAŞLIK
Sabit Uzunlukta Kontrol Alanı 00698nam a2200217 4500
999 ## - SİSTEM KONTROL NUMARALARI (KOHA)
Koha Biblionumber 14817
Koha Biblioitemnumber 14817
003 - KONTROL NUMARASI IDENTIFIER
Denetim Alanı MIRAKIL
005 - SON İŞLEM TARİHİ VE ZAMANI
Denetim Alanı 20220223154917.0
008 - SABİT-BOY VERİ ELEMANLARI - GENEL BİLGİLER
Sabit Uzunlukta Kontrol Alanı 220223b tu ||||| |||| 00| 0 tur d
020 ## - ULUSLARARASI STANDART KİTAP NUMARASI
Uluslararası Standart Kitap Numarası 9786053963738
040 ## - KATALOGLAMA KAYNAK
Orijinal Kataloglama Ajansı TR-AnCHP
Metne Dönüştürmek Ajansı TR-AnCHP
041 ## - DİL KODU
Metin / Ses Parça Veya Ayrı Başlığın Dil Kodu tur
082 ## - DEWEY ONLU SINIFLANDIRMA NUMARASI
Sınıflandırma Numarası 945.8004395
Ürün Numarası Ş23s 2016
100 ## - ANA GİRİŞ - KİŞİSEL İSİM
Kişisel Ad Şahin, Seyhun
245 10 - BAŞLIK TABLOSU
Başlık Sicilya'da Normanlar ve Müslümanlar /
Sorumluluk Tablosu, Vb Seyhun Şahin.
260 ## - YAYIN, DAĞITIM, VB
Yayın, Dağıtım, Vb Yeri İstanbul :
Yayıncı, Dağıtıcı, Vs Adı Arkeoloji ve Sanat Yayınları ,
Yayın, Dağıtım, Vb Tarihi 2016.
300 ## - FİZİKSEL TANIM
Kapsam xvi, 341 s. :
Diğer Fiziksel Ayrıntıları res., hrt. ;
Boyutlar 21 sm.
504 ## - KAYNAKÇA VB NOT
Kaynakça Vb Notu Kaynakça ve dizin vardır.
651 #0 - KONU KATMA GİRİŞ - COĞRAFİ ADI
9 (RLIN) 6996
Coğrafi İsim Sicilya (İtalya)
Genel Alt Bölümü Normanlar
Kronolojik Alt Bölümü Tarih
651 #0 - KONU KATMA GİRİŞ - COĞRAFİ ADI
9 (RLIN) 6996
Coğrafi İsim Sicilya (İtalya)
Genel Alt Bölümü Müslümanlar
Kronolojik Alt Bölümü Tarih
942 ## - EKLENDİ GİRİŞ ELEMANLARI (KOHA)
Sınıflandırma Veya Raf Düzeni Kaynak Dewey Decimal Classification
Koha Öğesi Türü Books
Holdings
Kalıcı Konum Mevcut Konum Edinme Tarihi Toplam Check-Out'Lar Tam Çağrı Numarası Barkod Tarih Son Görülme İtibaren Geçerli Fiyatlar Koha Öğesi Türü
CHP Kütüphanesi CHP Kütüphanesi 02/23/2022   945.8004395 Ş23s 2016 020317 02/23/2022 02/23/2022 Books